Państwa kończące się na -ria - Statystyki

Ogólne statystyki
  • Ten quiz został rozwiązany 8 982 razy
    8 978 od ostatniego zresetowania
  • Średni wynik to 3 z 7
Statystyki odpowiedzi
Państwo % Poprawnych
Bułgaria
60%
Nigeria
58%
Algieria
53%
Syria
49%
Austria
45%
Szwajcaria
41%
Liberia
38%
Nie znaleziono quizów pasujących do podanych kryteriów
Rozkład punktacji
Procent ludzi z każdym wynikiem
Percentyl według liczby udzielonych odpowiedzi
Twoja historia wyników
Nie rozwiązałeś tego quizu od ostatniego zresetowania